• 首页
  • 本馆介绍
  • 公告通知
  • 最新文献
  • 馆藏检索
  • 电子资源
  • 读者导购
  • 参考咨询
  • 我的图书馆
  • 登录
  • 详细信息显示
  • 放入我的书架
  • 预约/预借图书
  • 作者相关作品
  • 分类相关作品
  • 丛书相关作品
  • 出版社相关作品

书目信息

  • 表格格式
  • 工作单格式
  • 卡片格式
题名:
架子工
    
 
作者: ;陕西省第八建筑工程公司 编
分册:  
出版信息: 北京   中国建筑工业出版社  1982
页数: 169页
开本: 19cm
丛书名: 建筑工人技术学习丛书
单 册:
中图分类: TU731.2
科图分类:
主题词: 建筑工程--施工机具
电子资源:
ISBN:
000 00765nam2 2200265 45
001 0182004379
005 20060925105748.48
010    @dCNY0.45
091    @b15040.4210
100    @a19950609d1982 em y0chiy0121 ea
101 0  @achi
102    @aCN@b110000
105    @ay z 000yy
200 10 @a架子工@Ajia zi gong@f陕西省第八建筑工程公司编
205    @a3版
210    @a北京@c中国建筑工业出版社@d1982
215    @a169页@d19cm
225 2  @a建筑工人技术学习丛书
410  0 @120010@a建筑工人技术学习丛书
606 0  @a建筑工程@x施工机具
690    @aTU731.2
711 02 @a陕西省第八建筑工程公司@Ashan xi sheng di ba jian zhu gong cheng gong si@4编
801  0 @aCN@b上海图书馆@c20060925
801  2 @aCN@bNLC@c20060815
905    @f1@b109273@dTU731.2@e52=3
    
    架子工/陕西省第八建筑工程公司编.-3版.-北京:中国建筑工业出版社,1982
    169页;19cm.-(建筑工人技术学习丛书)
    
    
    ISBN :CNY0.45
    
●
相关链接 在E读中查询图书 在五车中查询图书 在当当中查询图书 在豆瓣中查询图书


正题名:架子工     索取号:TU731.2/52=3         预约/预借

序号 登录号 条形码 馆藏地/架位号 状态 备注
1 0109273   001484913   第三借阅区/ [索取号:TU731.2/52=3] 在馆    
2 0109275   001484904   第二样本阅览室/ [索取号:TU731.2/52=3] 在馆    
3 0422657   204226578   密集书库/ [索取号:TU731.2/52=3] 在馆    
4 0458586   204585868   密集书库/ [索取号:TU731.2/52=3] 在馆    
5 0472503   204725039   密集书库/ [索取号:TU731.2/52=3] 在馆    
唐山师范学院图书馆 欢迎您!
大连网信软件有限公司© 版权所有